000 00446nam a2200181Ia 4500
001 47088
008 140429s9999 xx 000 0 und d
020 _aNA
040 _cPK-LaUMT
082 _aRHC 891.4393
_bWAQ-H
100 _aWaqar Azeem
245 _aHamaari daastaanain (Urdu)
_cWaqar Azeem
260 _aLahore,Pakistan:
_bUrdu Markaz,
_c1964
300 _a452 p.
546 _aUR
650 _aPakistani literature-Urdu
942 _cBK
999 _c45019
_d45019